| 000 | 01330cam a22003254a 4500 | ||
|---|---|---|---|
| 001 | 14906224 | ||
| 003 | NUST-PNEC | ||
| 005 | 20170116180704.0 | ||
| 008 | 070627s2008 njua 001 0 eng | ||
| 010 | _a 2007277294 | ||
| 020 | _a9780470540190 | ||
| 020 | _a9780471787358 | ||
| 040 |
_aDLC _cPNEC |
||
| 050 | 0 | 0 |
_aTJ265 _b.M66 2008 |
| 082 | _a621.4021 MOR | ||
| 100 | 1 | _aMoran, Michael J. | |
| 245 | 1 | 0 |
_aFundamentals of engineering thermodynamics / _cMichael J. Moran, Howard N. Shapiro. |
| 250 | _a6th ed. | ||
| 260 |
_aHoboken, NJ : _bWiley, _cc2008. |
||
| 300 |
_axv. 928 p. : _bill. ; _c29 cm. |
||
| 500 | _aIncludes index http://www.amazon.com/Fundamentals-Thermodynamics-Michael-J-Moran/dp/0470540192/ref=sr_1_1?s=books&ie=UTF8&qid=1410863307&sr=1-1&keywords=9780470540190 | ||
| 650 | 0 |
_aThermodynamics. _xME |
|
| 700 | 1 | _aShapiro, Howard N. | |
| 856 | 4 | 2 |
_3Contributor biographical information _uhttp://www.loc.gov/catdir/enhancements/fy0814/2007277294-b.html |
| 856 | 4 | 2 |
_3Publisher description _uhttp://www.loc.gov/catdir/enhancements/fy0814/2007277294-d.html |
| 856 | 4 | 1 |
_3Table of contents only _uhttp://www.loc.gov/catdir/enhancements/fy0814/2007277294-t.html |
| 906 |
_a7 _bcbc _corigcop _d3 _encip _f20 _gy-gencatlg |
||
| 942 |
_2ddc _cBK |
||
| 999 |
_c60652 _d60652 |
||